000 00346nam a22001337a 4500
008 250506b |||||||| |||| 00| 0 eng d
020 _a9789780813703
050 _aPN1009.5
_b.N49
100 _aEmeyonu Ernest
245 _aNew Novels in African Literature today
260 _aIbadan
_bHEBN Publishers PLC.
_c2010
300 _a173p.
942 _cBK
999 _c3328
_d3328